Catalyst manufacture
Saved in:
| Main Authors: | , |
|---|---|
| Format: | Bog |
| Sprog: | engelsk |
| Udgivet: |
Nueva York
Dekker
1995
|
| Udgivelse: | 2a. ed |
| Fag: | |
| Tags: |
Tilføj Tag
Ingen Tags, Vær først til at tagge denne postø!
|
MARC
| LEADER | 00000nam a2200000 a 4500 | ||
|---|---|---|---|
| 001 | UCI2277 | ||
| 003 | CL-VaPUC | ||
| 008 | 070810e19950000US |||||||||||||||||eng|d | ||
| 020 | |a 0824794303 | ||
| 082 | 0 | 4 | |a 615.329 |b STI |2 21 |
| 100 | 0 | |a Stiles, Alvin B |e author |9 523220 | |
| 700 | 0 | |a Koch, Theodore A |e author |9 523221 | |
| 245 | 1 | 0 | |a Catalyst manufacture |
| 250 | |a 2a. ed | ||
| 300 | |a 291 p | ||
| 942 | |c BK | ||
| 945 | |d 20070810 00:00:00 |a jtorresc | ||
| 260 | |a Nueva York |b Dekker |c 1995 | ||
| 650 | 7 | |a CATALIZADORES |2 CL-VaPUC |9 263962 | |
| 650 | 7 | |a SOLVENTES ORGANICOS |2 CL-VaPUC |9 523222 | |
| 650 | 7 | |a REACTIVOS QUIMICOS |2 CL-VaPUC |9 523223 | |
| 583 | |a last modification |c 20070810 00:00:00 |k Rodrigo Vera | ||
| 999 | |c 326896 |d 326894 | ||
| 952 | |0 0 |1 0 |4 0 |6 615_329000000000000_STI_1995 |7 0 |8 A |9 409146 |a BIBING |b BIBING |d 2019-11-22 |i 4362985 |o 615.329 STI 1995 |p 4362985 |r 2025-01-20 |w 2019-11-22 |y BK |k EIQ | ||